000 00703nam a2200217Ii 4500
001 18357
003 CO-ViMGA
008 241108s9999||||xx |||||||||||||| ||und||
020 _a9582807865
040 _aCO-ViMGA
_bspa
_erda
_cCO-ViMGA
041 0 _aspa
082 0 4 _a616.0194 P73z
100 1 _aAntonio Juan Desmonts Gutiérrez
_944908
245 1 0 _aZona caliente:
_bun documento estremecedor sobre los virus que pueden acabar con la vida humana
264 1 _aBogotá, Colombia : Circulo de Lectores, 1995
300 _avolumen
336 _atext
_btxt
_2rdacontent
337 _aunmediated
_bn
_2rdamedia
338 _avolume
_bnc
_2rdacarrier
940 _aidficha_siabuc: 18020. -- ficha_no_siabuc:18357
999 _c39384
_d39384